| 000 | 00555nam a2200181 a 4500 | ||
|---|---|---|---|
| 005 | 20250213063811.0 | ||
| 008 | 030624s1976 mx r 000 0 spa d | ||
| 035 | _aUPN01000126681 | ||
| 049 | _aSEP | ||
| 050 | 4 |
_aHN113 _bA4.3 |
|
| 100 | 1 |
_aAlonso Sánchez, Jorge _928708 |
|
| 245 | 1 | 3 |
_aLa dialéctica clases-élites en México / _cJorge Alonso. |
| 260 |
_aMéxico : _bINAH, Centro de Investigaciones Superiores, _c1976. |
||
| 300 | _a255 p. | ||
| 440 | 0 |
_aEdiciones de la Casa Chata ; _v3 |
|
| 650 | 4 |
_aClases sociales _zMéxico _910866 |
|
| 905 | _aLibro | ||
| 999 |
_c98860 _d98860 |
||